000 00684nam a2200253Ia 4500
003 OSt
005 20220925232125.0
006 a|||||r|||| 00| 0
007 ta
008 220923b |||||||| |||| 00| 0 eng d
037 _cGeneral Book
040 _aRTL
_cRTL
_beng
041 _2eng
_aeng
082 _aX61:75, L0
100 _aBain A D
_9266647
245 0 _aControl of the money supply
260 _aMiddlesex
_bPenguin Books England
_c1970
300 _a175p
_ccm.
490 _aPenguin modern Economics
500 _aBibliography: P 165-70
650 _aMonetary Policy
942 _hX61:75, L0
_cGB
_2CC
999 _c590391
_d590391